<?xml version="1.0" encoding="UTF-8"?>
<record
    xmlns:xsi="http://www.w3.org/2001/XMLSchema-instance"
    xsi:schemaLocation="http://www.loc.gov/MARC21/slim http://www.loc.gov/standards/marcxml/schema/MARC21slim.xsd"
    xmlns="http://www.loc.gov/MARC21/slim">

  <leader>00599cam a2200229Ii 4500</leader>
  <datafield tag="999" ind1=" " ind2=" ">
    <subfield code="c">5497</subfield>
    <subfield code="d">5497</subfield>
  </datafield>
  <controlfield tag="001">2306436</controlfield>
  <controlfield tag="003">OCoLC</controlfield>
  <controlfield tag="005">20190104134720.0</controlfield>
  <controlfield tag="008">760712s1974    ilua   j      000 1 eng d</controlfield>
  <datafield tag="010" ind1=" " ind2=" ">
    <subfield code="a">74002939</subfield>
  </datafield>
  <datafield tag="020" ind1=" " ind2=" ">
    <subfield code="a">0802441890 (pbk.) :</subfield>
  </datafield>
  <datafield tag="020" ind1=" " ind2=" ">
    <subfield code="a">9780802441898 (pbk.)</subfield>
  </datafield>
  <datafield tag="035" ind1=" " ind2=" ">
    <subfield code="a">(OCoLC)2306436</subfield>
  </datafield>
  <datafield tag="040" ind1=" " ind2=" ">
    <subfield code="a">MZN</subfield>
    <subfield code="c">MZN</subfield>
    <subfield code="d">OCLCQ</subfield>
    <subfield code="d">MZN</subfield>
  </datafield>
  <datafield tag="082" ind1=" " ind2=" ">
    <subfield code="a">813.54</subfield>
    <subfield code="b">G761I</subfield>
  </datafield>
  <datafield tag="090" ind1=" " ind2=" ">
    <subfield code="a">PZ7.G7673</subfield>
    <subfield code="b">I9 1974</subfield>
  </datafield>
  <datafield tag="100" ind1="1" ind2=" ">
    <subfield code="a">Grant, Myrna</subfield>
  </datafield>
  <datafield tag="245" ind1="1" ind2="0">
    <subfield code="a">Ivan and the informer /</subfield>
    <subfield code="c">by Myrna Grant</subfield>
  </datafield>
  <datafield tag="260" ind1=" " ind2=" ">
    <subfield code="a">Chicago :</subfield>
    <subfield code="b">Moody,</subfield>
    <subfield code="c">1974</subfield>
  </datafield>
  <datafield tag="300" ind1=" " ind2=" ">
    <subfield code="a">93 p. : </subfield>
    <subfield code="b">ill. ; </subfield>
    <subfield code="c">19 cm</subfield>
  </datafield>
  <datafield tag="942" ind1=" " ind2=" ">
    <subfield code="2">ddc</subfield>
    <subfield code="c">BK</subfield>
  </datafield>
  <datafield tag="952" ind1=" " ind2=" ">
    <subfield code="0">0</subfield>
    <subfield code="1">0</subfield>
    <subfield code="2">ddc</subfield>
    <subfield code="4">0</subfield>
    <subfield code="7">0</subfield>
    <subfield code="8">NFIC</subfield>
    <subfield code="a">HMC</subfield>
    <subfield code="b">HMC</subfield>
    <subfield code="c">GEN</subfield>
    <subfield code="d">2019-01-04</subfield>
    <subfield code="g">180.00</subfield>
    <subfield code="l">0</subfield>
    <subfield code="o">813.54 G761I</subfield>
    <subfield code="p">006268</subfield>
    <subfield code="r">2019-01-04 00:00:00</subfield>
    <subfield code="w">2019-01-04</subfield>
    <subfield code="y">BK</subfield>
  </datafield>
</record>
